[Event "Asia-ch Universities"]
[Site "Chess.com INT"]
[Date "2020.12.28"]
[Round "4"]
[White "Javanbakht, Nima"]
[Black "Cheong, Kai Bin Andre"]
[Result "1-0"]
[WhiteElo "2472"]
[BlackElo "1819"]
[PlyCount "59"]
[EventDate "2020.12.27"]
[EventType "swiss"]
[EventRounds "9"]
[EventCountry "IRI"]
[SourceTitle "CBM 200 Extra"]
[Source "ChessBase"]
[SourceDate "2021.03.31"]
[SourceVersion "1"]
[SourceVersionDate "2021.03.31"]
[SourceQuality "1"]

1. Nf3 c5 2. c4 g6 3. g3 Bg7 4. Bg2 Nc6 5. 0-0 d6 6. Nc3 e5 7. d3 Nge7 8. a3 0-0 9. Rb1 a5 10. Bd2 f5 11. Qc1 Nd4 12. Nxd4 cxd4 13. Nb5 Qb6 14. a4 Bd7 15. b4 axb4 16. Rxb4 Nc6 17. Rb2 Qc5 18. Nc7 Rxa4 19. Bd5+ Kh8 20. Rxb7 Na5 21. Bxa5 Rxa5 22. Qg5 Ra7 23. Rfb1 Bc8 24. Na6 Rxa6 25. Rxg7 Kxg7 26. Qe7+ Kh6 27. Qxf8+ Kg5 28. h4+ Kg4 29. Kg2 Ra2 30. Bf3# 1-0

[Event "Asia-ch Universities"]
[Site "Chess.com INT"]
[Date "2020.12.27"]
[Round "3"]
[White "Cheong, Kai Bin Andre"]
[Black "Harikrishnan, A Ra"]
[Result "0-1"]
[WhiteElo "1819"]
[BlackElo "2429"]
[PlyCount "62"]
[EventDate "2020.12.27"]
[EventType "swiss"]
[EventRounds "9"]
[EventCountry "IRI"]
[SourceTitle "CBM 200 Extra"]
[Source "ChessBase"]
[SourceDate "2021.03.31"]
[SourceVersion "1"]
[SourceVersionDate "2021.03.31"]
[SourceQuality "1"]

1. e4 e6 2. d4 d5 3. Nc3 Nf6 4. Bg5 Be7 5. e5 Nfd7 6. Bxe7 Qxe7 7. f4 a6 8. Nf3 c5 9. dxc5 Nc6 10. Qd2 Qxc5 11. 0-0-0 b5 12. Ne2 Nb6 13. Ned4 Bd7 14. Nxc6 Bxc6 15. Qd4 Nd7 16. Bd3 Rc8 17. Rhe1 g6 18. Qxc5 Nxc5 19. Nd4 Bd7 20. b3 Ke7 21. Kb2 Rcg8 22. g4 h5 23. h3 hxg4 24. hxg4 Rh4 25. Be2 Ne4 26. Rh1 Rgh8 27. Bf3 Nf2 28. Rxh4 Nxd1+ 29. Bxd1 Rxh4 30. Kc3 Rh2 31. Kb4 Rd2 0-1

[Event "Kuala Lumpur Inter Varsity-ch"]
[Site "Kuala Lumpur"]
[Date "2020.02.10"]
[Round "2"]
[White "Mohd Saprin, Amir Qayyim"]
[Black "Cheong, Kai Bin Andre"]
[Result "1/2-1/2"]
[WhiteElo "1767"]
[BlackElo "1633"]
[PlyCount "94"]
[EventDate "2020.02.10"]
[EventType "swiss"]
[EventRounds "9"]
[EventCountry "MAS"]
[SourceTitle "CBM 195 Extra"]
[Source "ChessBase"]
[SourceDate "2020.05.31"]
[SourceVersion "1"]
[SourceVersionDate "2020.05.31"]
[SourceQuality "1"]

1. d4 Nf6 2. c4 e6 3. Nc3 Bb4 4. Bg5 h6 5. Bh4 c5 6. e3 b6 7. Nf3 Bb7 8. Rc1 0-0 9. a3 cxd4 10. axb4 dxc3 11. bxc3 d5 12. cxd5 Qxd5 13. Bxf6 gxf6 14. Be2 Rd8 15. 0-0 Nc6 16. Qa4 a5 17. b5 Ne5 18. Qf4 Kg7 19. Rfd1 Qe4 20. Qg3+ Qg6 21. Qxg6+ Kxg6 22. Nd4 Rdc8 23. c4 Rc7 24. f4 Nd7 25. Nf3 Nc5 26. Rd6 a4 27. Ra1 a3 28. Ra2 Be4 29. Nd2 Bc2 30. Kf1 Ne4 31. Nxe4 Bxe4 32. Rd1 e5 33. g3 exf4 34. exf4 Kf5 35. Kf2 Ke6 36. Ke3 f5 37. Rda1 Rca7 38. Bd3 Ra4 39. Be2 Kd6 40. Kd4 R4a7 41. Kc3 Kc5 42. Kb3 f6 43. Rxa3 Rxa3+ 44. Rxa3 Rxa3+ 45. Kxa3 Bb7 46. Kb3 Bc8 47. Kc3 Be6 1/2-1/2